[Event "Sigeman & Co"]
[Site "Malmo"]
[Date "2002.06.10"]
[Round "5"]
[White "Short, Nigel D"]
[Black "Wedberg, Tom"]
[Result "1-0"]
[WhiteElo "2673"]
[BlackElo "2540"]
[PlyCount "81"]
[EventDate "2002.06.06"]
[Source "ChessBase"]
[SourceDate "2002.09.20"]

1. e4 e5 2. Nf3 Nc6 3. Bc4 Nf6 4. Ng5 d5 5. exd5 Na5 6. Bb5+ c6 7. dxc6 bxc6 8. Be2 h6 9. Nh3 Bd6 10. d3 O-O 11. Nc3 Nd5 12. O-O Rb8 13. Kh1 Nxc3 14. bxc3 Be6 15. f4 Bxh3 16. gxh3 exf4 17. Bxf4 c5 18. Qd2 Rb6 19. Be3 Qh4 20. Bg4 Kh7 21. Rf5 Qe7 22. Rg1 Re8 23. Bxh6 g6 24. Bg5 Qb7+ 25. Bf3 Qd7 26. Rd5 Qe6 27. h4 Reb8 28. h5 Rb1 29. hxg6+ fxg6 30. Be3 Nc6 31. Rdg5 Rxg1+ 32. Rxg1 Ne5 33. Be4 Qh3 34. Qe2 Rf8 35. d4 Qh4 36. Bg5 Rf2 37. Bxh4 Rxe2 38. dxe5 Bxe5 39. Bxg6+ Kh6 40. Bg3 Bxg3 41. Rxg3 1-0

[Event "Kiev Two Knights fin-A"]
[Site "Kiev"]
[Date "2003.01.12"]
[Round "2.1"]
[White "Timoshenko, Georgy"]
[Black "Vysochin, Spartak"]
[Result "1-0"]
[WhiteElo "2539"]
[BlackElo "2554"]
[PlyCount "57"]
[EventDate "2003.01.12"]
[Source "ChessBase"]
[SourceDate "2003.03.07"]

1. e4 e5 2. Nf3 Nc6 3. Bc4 Nf6 4. Ng5 d5 5. exd5 Na5 6. Bb5+ c6 7. dxc6 bxc6 8. Be2 h6 9. Nh3 g5 10. d3 Bg7 11. Ng1 O-O 12. c3 Rb8 13. Nf3 Nd5 14. O-O g4 15. Ne1 f5 16. g3 h5 17. Ng2 c5 18. Na3 Nc6 19. Nc4 Be6 20. Qc2 Nb6 21. Be3 Qe7 22. f4 gxf3 23. Rxf3 e4 24. Rf4 Nxc4 25. dxc4 Ne5 26. b3 Ng4 27. Bxg4 hxg4 28. Rd1 Rbd8 29. Rff1 1-0

[Event "Kiev Two Knights fin-A"]
[Site "Kiev"]
[Date "2003.01.12"]
[Round "2.2"]
[White "Vysochin, Spartak"]
[Black "Timoshenko, Georgy"]
[Result "1-0"]
[WhiteElo "2554"]
[BlackElo "2539"]
[PlyCount "59"]
[EventDate "2003.01.12"]
[Source "ChessBase"]
[SourceDate "2003.03.07"]

1. e4 e5 2. Nf3 Nc6 3. Bc4 Nf6 4. Ng5 d5 5. exd5 Na5 6. Bb5+ c6 7. dxc6 bxc6 8. Be2 h6 9. Nh3 Bd6 10. d3 O-O 11. Nc3 Bc7 12. Ng1 Rb8 13. Nf3 c5 14. O-O Nc6 15. Ne4 Nd7 16. c3 f5 17. Ng3 Nf6 18. Qa4 Qd6 19. Qc2 g5 20. b3 Qe7 21. Ba3 Bd6 22. Nd2 Na5 23. d4 exd4 24. Rfe1 Kg7 25. cxd4 cxd4 26. Ba6 Ne4 27. Ndxe4 fxe4 28. Bxd6 Qxd6 29. Bxc8 Rbxc8 30. Qxc8 1-0

[Event "Kiev Two Knights sf-A"]
[Site "Kiev"]
[Date "2003.01.11"]
[Round "1.1"]
[White "Vysochin, Spartak"]
[Black "Malakhatko, Vadim"]
[Result "1/2-1/2"]
[WhiteElo "2554"]
[BlackElo "2512"]
[PlyCount "53"]
[EventDate "2003.01.11"]
[Source "ChessBase"]
[SourceDate "2003.03.07"]

1. e4 e5 2. Nf3 Nc6 3. Bc4 Nf6 4. Ng5 d5 5. exd5 Na5 6. Bb5+ c6 7. dxc6 bxc6 8. Be2 h6 9. Nh3 Bc5 10. Nc3 O-O 11. d3 Rb8 12. O-O Nd5 13. Kh1 Bxh3 14. gxh3 Nf4 15. Bxf4 exf4 16. Rb1 Bd4 17. Bf3 c5 18. Qd2 Re8 19. b3 Qd7 20. Ne2 Nc6 21. Qxf4 Be5 22. Qg4 Qc7 23. Bxc6 Qxc6+ 24. Qg2 Qd7 25. Rbe1 Re7 26. f4 Bf6 27. Ng3 1/2-1/2

[Event "Kiev Two Knights sf-A"]
[Site "Kiev"]
[Date "2003.01.11"]
[Round "1.2"]
[White "Malakhatko, Vadim"]
[Black "Vysochin, Spartak"]
[Result "1/2-1/2"]
[WhiteElo "2512"]
[BlackElo "2554"]
[PlyCount "77"]
[EventDate "2003.01.11"]
[Source "ChessBase"]
[SourceDate "2003.03.07"]

1. e4 e5 2. Nf3 Nc6 3. Bc4 Nf6 4. Ng5 d5 5. exd5 Na5 6. Bb5+ c6 7. dxc6 bxc6 8. Be2 h6 9. Nh3 Bd6 10. Nc3 O-O 11. d3 Rb8 12. O-O Rb4 13. Kh1 Bxh3 14. gxh3 Rh4 15. Bf3 Rxh3 16. Bg2 Rh4 17. Ne4 Nxe4 18. dxe4 Nb7 19. Be3 Nc5 20. Bxc5 Bxc5 21. Qxd8 Rxd8 22. Rad1 Rxd1 23. Rxd1 Rf4 24. f3 Rf6 25. c3 Rd6 26. Rxd6 Bxd6 27. b4 c5 28. a3 cxb4 29. cxb4 Kf8 30. Bf1 Ke7 31. Bc4 f6 32. Kg2 g5 33. h4 gxh4 34. Kh3 Kd7 35. Kxh4 a5 36. bxa5 Bxa3 37. a6 Kc7 38. Kg4 Bc1 39. Kf5 1/2-1/2

[Event "Kiev Two Knights fin-A"]
[Site "Kiev"]
[Date "2003.01.12"]
[Round "1.1"]
[White "Malakhatko, Vadim"]
[Black "Vysochin, Spartak"]
[Result "1/2-1/2"]
[WhiteElo "2512"]
[BlackElo "2554"]
[PlyCount "28"]
[EventDate "2003.01.12"]
[Source "ChessBase"]
[SourceDate "2003.03.07"]

1. e4 e5 2. Nf3 Nc6 3. Bc4 Nf6 4. Ng5 d5 5. exd5 Na5 6. Bb5+ c6 7. dxc6 bxc6 8. Be2 h6 9. Nh3 Rb8 10. Nc3 Nd5 11. Bg4 Ba6 12. Be2 Bc8 13. Bg4 Ba6 14. Be2 Bc8 1/2-1/2

[Event "Kiev Two Knights sf-B"]
[Site "Kiev"]
[Date "2003.01.11"]
[Round "2.1"]
[White "Timoshenko, Georgy"]
[Black "Kruppa, Yuri"]
[Result "0-1"]
[WhiteElo "2539"]
[BlackElo "2520"]
[PlyCount "32"]
[EventDate "2003.01.11"]
[Source "ChessBase"]
[SourceDate "2003.03.07"]

1. e4 e5 2. Nf3 Nc6 3. Bc4 Nf6 4. Ng5 d5 5. exd5 Na5 6. Bb5+ c6 7. dxc6 bxc6 8. Be2 h6 9. Nh3 g5 10. d3 Rg8 11. Nc3 Rb8 12. b3 Bb4 13. Bd2 Qd4 14. Na4 Bxd2+ 15. Qxd2 Bxh3 16. c3 Qf4 0-1

[Event "Kiev Two Knights sf-B"]
[Site "Kiev"]
[Date "2003.01.11"]
[Round "2.2"]
[White "Kruppa, Yuri"]
[Black "Timoshenko, Georgy"]
[Result "0-1"]
[WhiteElo "2520"]
[BlackElo "2539"]
[PlyCount "64"]
[EventDate "2003.01.11"]
[Source "ChessBase"]
[SourceDate "2003.03.07"]

1. e4 e5 2. Nf3 Nc6 3. Bc4 Nf6 4. Ng5 d5 5. exd5 Na5 6. Bb5+ c6 7. dxc6 bxc6 8. Be2 h6 9. Nh3 Bd6 10. Nc3 O-O 11. d3 Nd5 12. Ne4 Bc7 13. c4 Ne7 14. O-O Bxh3 15. gxh3 Qd7 16. Kh1 Qxh3 17. Rg1 f5 18. Ng3 Kh7 19. b4 Nb7 20. Qf1 Qxf1 21. Bxf1 Rad8 22. Bb2 Ng6 23. Nh5 Rd7 24. Be2 Nd8 25. Rae1 Ne6 26. Bf1 Nh4 27. Re3 f4 28. Rh3 Nf5 29. Bg2 Ng5 30. Bxc6 Nxh3 31. Bxd7 Nxg1 32. Kxg1 Kg6 0-1

[Event "Kiev Two Knights fin-A"]
[Site "Kiev"]
[Date "2003.01.12"]
[Round "3.2"]
[White "Timoshenko, Georgy"]
[Black "Malakhatko, Vadim"]
[Result "0-1"]
[WhiteElo "2539"]
[BlackElo "2512"]
[PlyCount "66"]
[EventDate "2003.01.12"]
[Source "ChessBase"]
[SourceDate "2003.03.07"]

1. e4 e5 2. Nf3 Nc6 3. Bc4 Nf6 4. Ng5 d5 5. exd5 Na5 6. Bb5+ c6 7. dxc6 bxc6 8. Be2 h6 9. Nh3 Bd6 10. d3 O-O 11. O-O Rb8 12. Kh1 c5 13. Ng1 Qc7 14. Nd2 Rd8 15. Qe1 Nc6 16. c3 Bf5 17. Nc4 Bf8 18. Nf3 Re8 19. Ne3 Bh7 20. Qd1 Rbd8 21. Qc2 c4 22. Nxc4 e4 23. Ne1 exd3 24. Bxd3 Rxd3 25. Nxd3 Qd7 26. Nde5 Nxe5 27. Nxe5 Rxe5 28. Qb3 Bd3 29. Rd1 Ng4 30. Be3 Rxe3 31. fxe3 Qc7 32. g3 Qc6+ 33. Kg1 Qf3 0-1

[Event "Sparkasse GM"]
[Site "Dortmund"]
[Date "1998.??.??"]
[Round "?"]
[White "Petrosian, Arshak B"]
[Black "Mikhalchishin, Adrian"]
[Result "1/2-1/2"]
[WhiteElo "2500"]
[BlackElo "2530"]
[PlyCount "54"]
[EventDate "1998.06.??"]
[Source "www.chesslib.no"]
[SourceDate "2004.05.04"]

1. e4 e5 2. Nf3 Nc6 3. Bc4 Nf6 4. Ng5 d5 5. exd5 Na5 6. Bb5+ c6 7. dxc6 bxc6 8. Be2 h6 9. Nh3 Bc5 10. d3 Nd5 11. Nc3 O-O 12. O-O f5 13. Bd2 Nb7 14. Kh1 g5 15. Na4 Bd6 16. f3 Be6 17. Nf2 Qe7 18. c4 Nf6 19. Be3 c5 20. Nc3 Nd8 21. g4 Nc6 22. gxf5 Bxf5 23. Nfe4 Nd4 24. Nxf6+ Qxf6 25. Ne4 Qg6 26. Qd2 Be7 27. Rg1 Kh8 1/2-1/2

[Event "Kiev Two Knights sf-A"]
[Site "Kiev"]
[Date "2003.01.11"]
[Round "2.1"]
[White "Taborov, Boris"]
[Black "Vysochin, Spartak"]
[Result "0-1"]
[WhiteElo "2450"]
[BlackElo "2554"]
[PlyCount "74"]
[EventDate "2003.01.11"]
[Source "ChessBase"]
[SourceDate "2003.03.07"]

1. e4 e5 2. Nf3 Nc6 3. Bc4 Nf6 4. Ng5 d5 5. exd5 Na5 6. Bb5+ c6 7. dxc6 bxc6 8. Be2 h6 9. Nh3 g5 10. d3 Bg7 11. Nc3 O-O 12. Ng1 Nb7 13. Nf3 Nd5 14. Nxd5 cxd5 15. d4 e4 16. Ne5 f6 17. Ng6 Re8 18. h4 Bf5 19. h5 Bxg6 20. hxg6 f5 21. c3 Re6 22. Qa4 Rxg6 23. Bd2 Rb6 24. Bd1 Qc7 25. Bb3 Qf7 26. c4 Bxd4 27. cxd5 Bxb2 28. d6 Rxb3 29. axb3 Nc5 30. Qc6 Nd3+ 31. Ke2 Rd8 32. Ra5 Bg7 33. Qd5 a6 34. Qxf7+ Kxf7 35. Rxf5+ Ke6 36. Ra5 Rxd6 37. Be3 Rc6 0-1

[Event "Kiev Two Knights sf-A"]
[Site "Kiev"]
[Date "2003.01.11"]
[Round "2.2"]
[White "Vysochin, Spartak"]
[Black "Taborov, Boris"]
[Result "1-0"]
[WhiteElo "2554"]
[BlackElo "2450"]
[PlyCount "61"]
[EventDate "2003.01.11"]
[Source "ChessBase"]
[SourceDate "2003.03.07"]

1. e4 e5 2. Nf3 Nc6 3. Bc4 Nf6 4. Ng5 d5 5. exd5 Na5 6. Bb5+ c6 7. dxc6 bxc6 8. Be2 h6 9. Nh3 g5 10. d3 Bc5 11. Nc3 g4 12. Ng1 Nb7 13. Be3 Bxe3 14. fxe3 Qb6 15. Qd2 Qxb2 16. Rb1 Qa3 17. h3 gxh3 18. Nxh3 Rg8 19. Bf3 Na5 20. Nf2 Rg6 21. Nb5 Qxa2 22. O-O Kd8 23. Qb4 Nb7 24. Ra1 Qe6 25. Nxa7 Nd5 26. Nxc6+ Qxc6 27. Qf8+ Kc7 28. Qxf7+ Bd7 29. Bxd5 Rxa1 30. Bxc6 Rxf1+ 31. Kxf1 1-0

[Event "Kiev Two Knights fin-A"]
[Site "Kiev"]
[Date "2003.01.12"]
[Round "3.2"]
[White "Sergeev, Vladimir"]
[Black "Vysochin, Spartak"]
[Result "1/2-1/2"]
[WhiteElo "2447"]
[BlackElo "2554"]
[PlyCount "63"]
[EventDate "2003.01.12"]
[Source "ChessBase"]
[SourceDate "2003.03.07"]

1. e4 e5 2. Nf3 Nc6 3. Bc4 Nf6 4. Ng5 d5 5. exd5 Na5 6. Bb5+ c6 7. dxc6 bxc6 8. Be2 h6 9. Nh3 g5 10. d3 Bg7 11. Nd2 O-O 12. Ng1 Rb8 13. Nb3 Re8 14. Nf3 Nd5 15. O-O g4 16. Nfd2 f5 17. g3 h5 18. Re1 Be6 19. Bf1 Bf8 20. Nxa5 Qxa5 21. Nb3 Qb6 22. c4 Ne7 23. Be3 Qc7 24. Qd2 Ng6 25. Qa5 Qc8 26. Rad1 f4 27. Bc5 h4 28. Bd6 Rb6 29. Bc5 Ra6 30. Qd2 Rxa2 31. Ba3 hxg3 32. hxg3 1/2-1/2

[Event "Kiev Two Knights fin-A"]
[Site "Kiev"]
[Date "2003.01.12"]
[Round "3.1"]
[White "Vysochin, Spartak"]
[Black "Sergeev, Vladimir"]
[Result "1/2-1/2"]
[WhiteElo "2554"]
[BlackElo "2447"]
[PlyCount "52"]
[EventDate "2003.01.12"]
[Source "ChessBase"]
[SourceDate "2003.03.07"]

1. e4 e5 2. Nf3 Nc6 3. Bc4 Nf6 4. Ng5 d5 5. exd5 Na5 6. Bb5+ c6 7. dxc6 bxc6 8. Be2 h6 9. Nh3 Bd6 10. d3 O-O 11. Nc3 Nd5 12. O-O Qc7 13. Kh1 f5 14. Ng1 Nf6 15. Nf3 e4 16. dxe4 fxe4 17. Nd2 Bf5 18. Nc4 Nxc4 19. Bxc4+ Kh8 20. h3 Qe7 21. Ne2 Rae8 22. Qe1 Nh5 23. Ng3 Qe5 24. Be3 Nxg3+ 25. fxg3 Qxb2 26. Rd1 Qb4 1/2-1/2

[Event "YUG-chT"]
[Site "?"]
[Date "1998.??.??"]
[Round "8"]
[White "Mikhalchishin Adrian"]
[Black "Todorovic Goran M"]
[Result "1/2-1/2"]
[WhiteElo "2530"]
[BlackElo "2465"]
[PlyCount "28"]
[EventDate "1998.??.??"]
[Source "www.chesslib.no"]
[SourceDate "2004.05.04"]

1. e4 e5 2. Nf3 Nc6 3. Bc4 Nf6 4. Ng5 d5 5. exd5 Na5 6. Bb5+ c6 7. dxc6 bxc6 8. Be2 h6 9. Nh3 Bd6 10. d3 Nb7 11. Nc3 Nc5 12. d4 exd4 13. Qxd4 Bxh3 14. gxh3 Ne6 1/2-1/2

[Event "Kiev Two Knights fin-A"]
[Site "Kiev"]
[Date "2003.01.12"]
[Round "1.2"]
[White "Timoshenko, Georgy"]
[Black "Sergeev, Vladimir"]
[Result "1/2-1/2"]
[WhiteElo "2539"]
[BlackElo "2447"]
[PlyCount "47"]
[EventDate "2003.01.12"]
[Source "ChessBase"]
[SourceDate "2003.03.07"]

1. e4 e5 2. Nf3 Nc6 3. Bc4 Nf6 4. Ng5 d5 5. exd5 Na5 6. Bb5+ c6 7. dxc6 bxc6 8. Be2 h6 9. Nh3 Bd6 10. d3 O-O 11. O-O Rb8 12. c3 Qc7 13. Nd2 c5 14. Ne4 Be7 15. f4 Nxe4 16. dxe4 Rd8 17. Qc2 Bxh3 18. gxh3 exf4 19. Bxf4 Bd6 20. Bxd6 Rxd6 21. Rad1 Rxd1 22. Rxd1 Nc6 23. b3 Qf4 24. Bf1 1/2-1/2

[Event "Kiev Two Knights sf-B"]
[Site "Kiev"]
[Date "2003.01.11"]
[Round "3.2"]
[White "Timoshenko, Georgy"]
[Black "Sergeev, Vladimir"]
[Result "1-0"]
[WhiteElo "2539"]
[BlackElo "2447"]
[PlyCount "55"]
[EventDate "2003.01.11"]
[Source "ChessBase"]
[SourceDate "2003.03.07"]

1. e4 e5 2. Nf3 Nc6 3. Bc4 Nf6 4. Ng5 d5 5. exd5 Na5 6. Bb5+ c6 7. dxc6 bxc6 8. Be2 h6 9. Nh3 g5 10. d3 Rb8 11. Ng1 c5 12. Nd2 Nc6 13. Nc4 g4 14. c3 Rg8 15. h3 h5 16. hxg4 hxg4 17. g3 Be6 18. Qa4 Bd7 19. Qc2 Nd5 20. Bf1 Be6 21. Bg2 Qc7 22. Bd2 Nb6 23. Ne3 f5 24. Ne2 Bd6 25. f4 gxf3 26. Bxf3 e4 27. dxe4 fxe4 28. Qxe4 1-0

[Event "Kiev Two Knights sf-B"]
[Site "Kiev"]
[Date "2003.01.11"]
[Round "3.1"]
[White "Sergeev, Vladimir"]
[Black "Timoshenko, Georgy"]
[Result "0-1"]
[WhiteElo "2447"]
[BlackElo "2539"]
[PlyCount "64"]
[EventDate "2003.01.11"]
[Source "ChessBase"]
[SourceDate "2003.03.07"]

1. e4 e5 2. Nf3 Nc6 3. Bc4 Nf6 4. Ng5 d5 5. exd5 Na5 6. Bb5+ c6 7. dxc6 bxc6 8. Be2 h6 9. Nh3 Bd6 10. d3 O-O 11. Nd2 Rb8 12. Ng1 c5 13. Bf3 c4 14. Nxc4 Nxc4 15. dxc4 e4 16. Be2 Qc7 17. c3 Bxh2 18. Nh3 Be5 19. Qc2 Be6 20. b3 a5 21. Be3 Rfd8 22. Rd1 Rxd1+ 23. Bxd1 Rd8 24. Qc1 Ng4 25. Nf4 Nxe3 26. fxe3 g5 27. Ne2 Bg3+ 28. Kf1 Bg4 29. Nd4 Bc8 30. Rxh6 Kg7 31. Rh5 Qe5 32. Qd2 Rd6 0-1

[Event "Kiev Two Knights fin-A"]
[Site "Kiev"]
[Date "2003.01.12"]
[Round "1.1"]
[White "Sergeev, Vladimir"]
[Black "Timoshenko, Georgy"]
[Result "1/2-1/2"]
[WhiteElo "2447"]
[BlackElo "2539"]
[PlyCount "64"]
[EventDate "2003.01.12"]
[Source "ChessBase"]
[SourceDate "2003.03.07"]

1. e4 e5 2. Nf3 Nc6 3. Bc4 Nf6 4. Ng5 d5 5. exd5 Na5 6. Bb5+ c6 7. dxc6 bxc6 8. Be2 h6 9. Nh3 Bd6 10. d3 O-O 11. Nc3 Rb8 12. Ng1 Qc7 13. Nf3 Rd8 14. Nd2 c5 15. Nce4 Be7 16. Nxf6+ Bxf6 17. O-O c4 18. dxc4 e4 19. Qe1 Re8 20. Nb3 Nxc4 21. Bxc4 Qxc4 22. Bf4 Rb5 23. c3 a5 24. Qd2 Rd8 25. Nd4 Bxd4 26. cxd4 Rxd4 27. Rfc1 Rxd2 28. Rxc4 Be6 29. Bxd2 Bxc4 30. b3 Be6 31. Kf1 g5 32. Be3 Bf5 1/2-1/2

[Event "Barcelona ESP"]
[Site "Barcelona ESP"]
[Date "1983.??.??"]
[Round "?"]
[White "Dolmatov, Sergey V"]
[Black "Fernandez Garcia, Jose L"]
[Result "1-0"]
[WhiteElo "2550"]
[BlackElo "2435"]
[PlyCount "73"]
[EventDate "1983.??.??"]
[Source "www.chesslib.no"]
[SourceDate "2004.05.04"]

1. e4 e5 2. Nf3 Nc6 3. Bc4 Nf6 4. Ng5 d5 5. exd5 Na5 6. Bb5+ c6 7. dxc6 bxc6 8. Be2 h6 9. Nh3 Qd4 10. d3 Qh4 11. O-O Bxh3 12. gxh3 Bd6 13. Bf3 O-O 14. Bg2 Rad8 15. Qe1 Nb7 16. Nd2 Nd5 17. Nc4 Rfe8 18. Nxd6 Nxd6 19. f4 Qxe1 20. Rxe1 Nb4 21. Rxe5 Nxc2 22. Rb1 Nb4 23. Be3 Nxd3 24. Rxe8+ Rxe8 25. Bxa7 Ra8 26. Be3 Nc4 27. Bf1 Ncxb2 28. Bxd3 Nxd3 29. Rb3 Ne1 30. a3 Nc2 31. Bc5 Ra4 32. Rb2 Ne1 33. Rb4 Ra6 34. Rb3 Ra5 35. Rb8+ Kh7 36. Bb4 Ra4 37. Bxe1 1-0

[Event "TWO KNIGHTS rpd Final B"]
[Site "Kyiv"]
[Date "2003.01.12"]
[Round "2.2"]
[White "Kruppa, Yuri"]
[Black "Taborov, Boris"]
[Result "0-1"]
[WhiteElo "2520"]
[BlackElo "2450"]
[PlyCount "50"]
[EventDate "2003.01.12"]
[Source "Roberto Alvarez"]
[SourceDate "2003.02.17"]

1. e4 e5 2. Nf3 Nc6 3. Bc4 Nf6 4. Ng5 d5 5. exd5 Na5 6. Bb5+ c6 7. dxc6 bxc6 8. Be2 h6 9. Nh3 g5 10. d3 Bg7 11. Ng1 O-O 12. h4 Nd5 13. hxg5 hxg5 14. g3 Nb7 15. Bf1 Bf5 16. Nf3 e4 17. Nxg5 e3 18. f4 e2 19. Bxe2 Qb6 20. c3 Rfe8 21. Kf1 Ne3+ 22. Bxe3 Qxe3 23. Nd2 Qxg3 24. Nde4 Qxf4+ 25. Kg2 Rad8 0-1

[Event "TWO KNIGHTS rpd Final B"]
[Site "Kyiv"]
[Date "2003.01.12"]
[Round "2.1"]
[White "Taborov, Boris"]
[Black "Kruppa, Yuri"]
[Result "1/2-1/2"]
[WhiteElo "2450"]
[BlackElo "2520"]
[PlyCount "73"]
[EventDate "2003.01.12"]
[Source "Roberto Alvarez"]
[SourceDate "2003.02.17"]

1. e4 e5 2. Nf3 Nc6 3. Bc4 Nf6 4. Ng5 d5 5. exd5 Na5 6. Bb5+ c6 7. dxc6 bxc6 8. Be2 h6 9. Nh3 Be7 10. d3 O-O 11. Nd2 Qc7 12. O-O Rd8 13. Kh1 c5 14. Bf3 Rb8 15. Qe2 Nc6 16. Bxc6 Qxc6 17. f3 Bxh3 18. gxh3 Nd5 19. Nc4 Bf6 20. Rg1 Nf4 21. Qe4 Qxe4 22. fxe4 Nxh3 23. Rg3 Nf4 24. Be3 Rbc8 25. Rf1 g5 26. Bxf4 exf4 27. Rxf4 Bg7 28. Rf5 Rd4 29. Rgf3 Rc7 30. Ne3 Rd6 31. a4 Bd4 32. Nd5 Rb7 33. h4 gxh4 34. R5f4 Rg6 35. Rf1 h3 36. c3 Be5 37. Rf5 1/2-1/2

[Event "Kiev Two Knights sf-B"]
[Site "Kiev"]
[Date "2003.01.11"]
[Round "2.2"]
[White "Sergeev, Vladimir"]
[Black "Kruppa, Yuri"]
[Result "1-0"]
[WhiteElo "2447"]
[BlackElo "2520"]
[PlyCount "63"]
[EventDate "2003.01.11"]
[Source "ChessBase"]
[SourceDate "2003.03.07"]

1. e4 e5 2. Nf3 Nc6 3. Bc4 Nf6 4. Ng5 d5 5. exd5 Na5 6. Bb5+ c6 7. dxc6 bxc6 8. Be2 h6 9. Nh3 g5 10. d3 Bg7 11. Ng1 O-O 12. Nf3 Nd5 13. O-O c5 14. Nc3 Nc6 15. Nxd5 Qxd5 16. c3 Rb8 17. Nd2 Bb7 18. Bf3 Qxd3 19. Ne4 Ba6 20. Re1 Qb5 21. Be2 Qb6 22. Bxa6 Qxa6 23. Nxc5 Qc4 24. Qd6 Rbc8 25. Nb3 Rfd8 26. Qc5 Qa6 27. Qe3 Qb5 28. Qe4 a5 29. h3 a4 30. Nd2 Ne7 31. g4 a3 32. Nb3 1-0

[Event "Kiev Two Knights sf-B"]
[Site "Kiev"]
[Date "2003.01.11"]
[Round "1.1"]
[White "Kruppa, Yuri"]
[Black "Sergeev, Vladimir"]
[Result "0-1"]
[WhiteElo "2520"]
[BlackElo "2447"]
[PlyCount "68"]
[EventDate "2003.01.11"]
[Source "ChessBase"]
[SourceDate "2003.03.07"]

1. e4 e5 2. Nf3 Nc6 3. Bc4 Nf6 4. Ng5 d5 5. exd5 Na5 6. Bb5+ c6 7. dxc6 bxc6 8. Be2 h6 9. Nh3 g5 10. d3 Rg8 11. Nc3 Rb8 12. Ng1 c5 13. Nf3 Nc6 14. O-O Be6 15. b3 g4 16. Nd2 Nd4 17. Nde4 Nd7 18. Ng3 f5 19. f4 Bd6 20. Be3 exf4 21. Bxf4 Bxf4 22. Rxf4 Qg5 23. Qd2 h5 24. Raf1 h4 25. Nge4 fxe4 26. Nxe4 Qe5 27. c3 Nxe2+ 28. Qxe2 Ke7 29. Qe3 h3 30. Qg3 Rh8 31. d4 cxd4 32. cxd4 Qxd4+ 33. Nf2 Qd6 34. Re1 Rh6 0-1

[Event "Corr"]
[Site "?"]
[Date "1998.02.01"]
[Round "?"]
[White "Veinger Itzhak"]
[Black "Letic Stevan (YUG)"]
[Result "0-1"]
[WhiteElo "2605"]
[BlackElo "2360"]
[PlyCount "52"]
[EventDate "1998.??.??"]
[Source "www.chesslib.no"]
[SourceDate "2004.05.04"]

1. e4 e5 2. Nf3 Nc6 3. Bc4 Nf6 4. Ng5 d5 5. exd5 Na5 6. Bb5+ c6 7. dxc6 bxc6 8. Be2 h6 9. Nh3 Bd6 10. d3 O-O 11. O-O Nd5 12. Kh1 Bxh3 13. gxh3 Qh4 14. Rg1 e4 15. Qf1 f5 16. Bd2 Nb7 17. Nc3 Rae8 18. Qg2 Re7 19. Nxd5 cxd5 20. Bc3 Rff7 21. dxe4 fxe4 22. Rgf1 Nd8 23. Rad1 Ne6 24. Qg4 Qxg4 25. hxg4 Nf4 26. Ba6 Be5 0-1

[Event "Kiev Two Knights sf-A"]
[Site "Kiev"]
[Date "2003.01.11"]
[Round "3.1"]
[White "Malakhatko, Vadim"]
[Black "Taborov, Boris"]
[Result "1-0"]
[WhiteElo "2512"]
[BlackElo "2450"]
[PlyCount "61"]
[EventDate "2003.01.11"]
[Source "ChessBase"]
[SourceDate "2003.03.07"]

1. e4 e5 2. Nf3 Nc6 3. Bc4 Nf6 4. Ng5 d5 5. exd5 Na5 6. Bb5+ c6 7. dxc6 bxc6 8. Be2 h6 9. Nh3 g5 10. c3 Qd5 11. f3 Bxh3 12. gxh3 Nb7 13. Qa4 Bc5 14. Na3 O-O 15. Nc2 e4 16. fxe4 Nxe4 17. Rf1 Rae8 18. d4 Bd6 19. Be3 Bxh2 20. O-O-O Qd7 21. Bg4 f5 22. Qb3+ Kh8 23. Rxf5 Rxf5 24. Bxf5 Qxf5 25. Qxb7 Nf2 26. Qxc6 Rxe3 27. Nxe3 Bf4 28. Qe8+ Kg7 29. Rd2 Qe4 30. Qxe4 Nxe4 31. Re2 1-0

[Event "Kiev Two Knights sf-A"]
[Site "Kiev"]
[Date "2003.01.11"]
[Round "3.2"]
[White "Taborov, Boris"]
[Black "Malakhatko, Vadim"]
[Result "1/2-1/2"]
[WhiteElo "2450"]
[BlackElo "2512"]
[PlyCount "71"]
[EventDate "2003.01.11"]
[Source "ChessBase"]
[SourceDate "2003.03.07"]

1. e4 e5 2. Nf3 Nc6 3. Bc4 Nf6 4. Ng5 d5 5. exd5 Na5 6. Bb5+ c6 7. dxc6 bxc6 8. Be2 h6 9. Nh3 g5 10. d3 Bg7 11. Nc3 Rb8 12. Ng1 O-O 13. h4 Nd5 14. hxg5 hxg5 15. Ne4 f6 16. Bh5 Ne7 17. Qf3 c5 18. Bg4 Bxg4 19. Qxg4 f5 20. Qh5 fxe4 21. Qh7+ Kf7 22. Nh3 Rh8 23. Nxg5+ Kf6 24. Nxe4+ Ke6 25. Qxg7 Rxh1+ 26. Ke2 Qf8 27. Nxc5+ Kd6 28. Ne4+ Ke6 29. Ng5+ Kd7 30. Qxe5 Nac6 31. Qe6+ Ke8 32. Be3 Rxa1 33. Nh7 Qg7 34. Nf6+ Kf8 35. Nd7+ Ke8 36. Nf6+ 1/2-1/2

[Event "Kiev Two Knights fin-A"]
[Site "Kiev"]
[Date "2003.01.12"]
[Round "2.2"]
[White "Malakhatko, Vadim"]
[Black "Sergeev, Vladimir"]
[Result "1/2-1/2"]
[WhiteElo "2512"]
[BlackElo "2447"]
[PlyCount "36"]
[EventDate "2003.01.12"]
[Source "ChessBase"]
[SourceDate "2003.03.07"]

1. e4 e5 2. Nf3 Nc6 3. Bc4 Nf6 4. Ng5 d5 5. exd5 Na5 6. Bb5+ c6 7. dxc6 bxc6 8. Be2 h6 9. Nh3 Bd6 10. d3 O-O 11. Nc3 Qc7 12. Bf3 Rb8 13. Ng1 c5 14. Nge2 Rd8 15. Ng3 c4 16. O-O Ba6 17. Qe2 Bb4 18. Rd1 Nc6 1/2-1/2

[Event "Kiev Two Knights fin-A"]
[Site "Kiev"]
[Date "2003.01.12"]
[Round "2.1"]
[White "Sergeev, Vladimir"]
[Black "Malakhatko, Vadim"]
[Result "1/2-1/2"]
[WhiteElo "2447"]
[BlackElo "2512"]
[PlyCount "60"]
[EventDate "2003.01.12"]
[Source "ChessBase"]
[SourceDate "2003.03.07"]

1. e4 e5 2. Nf3 Nc6 3. Bc4 Nf6 4. Ng5 d5 5. exd5 Na5 6. Bb5+ c6 7. dxc6 bxc6 8. Be2 h6 9. Nh3 Bd6 10. d3 O-O 11. Nd2 Qc7 12. c3 c5 13. Ne4 Be7 14. Nxf6+ Bxf6 15. Bf3 Rb8 16. Qc2 Rd8 17. b3 Ba6 18. Be4 Qd7 19. Be3 Be7 20. c4 Nc6 21. Bxc6 Qxc6 22. f3 Qg6 23. O-O Rxd3 24. Rae1 Bb7 25. Nf2 Rd6 26. Qxg6 Rxg6 27. Kh1 Ra6 28. Re2 Rd8 29. Rd1 Rxd1+ 30. Nxd1 Rd6 1/2-1/2

[Event "DSU"]
[Site "?"]
[Date "2000.02.15"]
[Round "?"]
[White "Bohak Janko (SLO)"]
[Black "Martin Clemente Joel (ESP)"]
[Result "1/2-1/2"]
[WhiteElo "2398"]
[BlackElo "2561"]
[PlyCount "103"]
[EventDate "2000.??.??"]
[Source "www.chesslib.no"]
[SourceDate "2004.05.04"]

1. e4 e5 2. Nf3 Nc6 3. Bc4 Nf6 4. Ng5 d5 5. exd5 Na5 6. Bb5+ c6 7. dxc6 bxc6 8. Be2 h6 9. Nh3 Bc5 10. O-O O-O 11. d3 Nb7 12. Nc3 Bb6 13. Kh1 Nd5 14. f4 Bxh3 15. Nxd5 Bxg2+ 16. Kxg2 Qxd5+ 17. Bf3 Qe6 18. Qe1 Rae8 19. fxe5 Nd6 20. Bd2 Nf5 21. c3 Qxe5 22. Qxe5 Rxe5 23. Be4 Ne7 24. Rae1 f5 25. Bf3 Rxe1 26. Rxe1 Kf7 27. Bf4 Rd8 28. d4 c5 29. dxc5 Bxc5 30. b4 Bb6 31. a4 g5 32. Bh5+ Ng6 33. Bc1 f4 34. a5 Bc7 35. Rd1 Rxd1 36. Bxd1 Ne5 37. Be2 Ke6 38. Ba6 Kd5 39. Kf2 Ke4 40. Ke2 g4 41. Bb7+ Kf5 42. Bc8+ Kg5 43. h4+ gxh3 44. Bxh3 Kh4 45. Bxf4 Kxh3 46. Bxh6 Kg4 47. Ke3 Nf7 48. Bf8 Kf5 49. Bc5 Bb8 50. b5 Ne5 51. Kd4 Ke6 52. c4 1/2-1/2